Textbook of english phonetics (Record no. 4224)

MARC details
000 -LEADER
fixed length control field 00523cam a2200205ua 4500
001 - CONTROL NUMBER
control field 5044
005 - DATE AND TIME OF LATEST TRANSACTION
control field 20260515113828.0
008 - FIXED-LENGTH DATA ELEMENTS--GENERAL INFORMATION
fixed length control field 150214n ii |||gr||||Z||||||eng
020 ## - INTERNATIONAL STANDARD BOOK NUMBER
International Standard Book Number 0333-91016-8
040 ## - CATALOGING SOURCE
Transcribing agency MAIN
041 ## - LANGUAGE CODE
Language code of text/sound track or separate title eng
082 ## - DEWEY DECIMAL CLASSIFICATION NUMBER
Classification number 421
100 ## - MAIN ENTRY--PERSONAL NAME
Personal name Balasubramanian, T.,
Dates associated with a name 1981,
Relator term Author,
245 ## - TITLE STATEMENT
Title Textbook of english phonetics
Statement of responsibility, etc. by T. Balasubramanian
250 ## - EDITION STATEMENT
Edition statement 1st.
260 ## - PUBLICATION, DISTRIBUTION, ETC.
Place of publication, distribution, etc. Delhi:
Name of publisher, distributor, etc. Macmillan,
Date of publication, distribution, etc. 1999.
300 ## - PHYSICAL DESCRIPTION
Extent 207p:
Dimensions 23cm.
653 ## - INDEX TERM--UNCONTROLLED
Uncontrolled term English writing system &phonology
942 ## - ADDED ENTRY ELEMENTS (KOHA)
Koha item type Books
Holdings
Withdrawn status Lost status Damaged status Not for loan Home library Current library Shelving location Date acquired Total checkouts Full call number Barcode Date last seen Copy number Price effective from Koha item type
        Naharkatiya College Library Naharkatiya College Library General stacks 09/19/2020   421 | BAL 5208 09/19/2020 1 09/19/2020 Books